Political risk services on CD-Rom : user's guide March 1996 [

Bibliographic Details
Format: Book
Published: New York: Verbatim Data Plus, 1996.
Subjects:
LEADER 00434cam a2200133 7i4500
001 0000005194
005 19991025090000.0
002 ##000006811
020 0 0 |a T000005382  
090 0 0 |a CD-ROM 020-4   |b POL 
245 0 0 |a Political risk services on CD-Rom :   |b user's guide March 1996 [  |m cd-rom]. 
260 0 0 |a New York:   |b Verbatim Data Plus,   |c 1996. 
650 0 0 |a Country risk (Foreign investments)  
999 |a 020-4  |b CD-ROM  |c Open shelf  |e Business Information Centre